| 000 | 01062nam a2200229Ia 4500 | ||
|---|---|---|---|
| 999 |
_c39606 _d39606 |
||
| 001 | 6206 | ||
| 003 | GE_BSU | ||
| 005 | 20190610161600.0 | ||
| 008 | 181216s1961||||ge |||||||||||||| ||GEO|| | ||
| 040 | _cGE_BSU | ||
| 080 | _a69(075.8) დ-64 | ||
| 100 |
_aდობორჯგინიძე, შ. _9719 |
||
| 245 |
_aსამშენებლო საქმის საფუძვლები : _bსახელმძღვ. / _cშ. დობორჯგინიძე, ნ. თუხარელი ; რედ. დ. მშვენიერაძე. |
||
| 264 |
_aთბილისი : _bსპი, _c1961. |
||
| 300 |
_a348 გვ.: _b ილ. ; _c 22 სმ. |
||
| 504 | _aბიბლიოგრ. : გვ.344. | ||
| 653 | _aსამშენებლო საქმის საფუძვლები | ||
| 653 | _aსამშენებლო საქმე | ||
| 700 |
_aთუხარელი, ნ. _eავტორი _9303 |
||
| 700 |
_4თუხარელი, ნ. _dრედაქტორი _92329 |
||
| 942 |
_cBK _2udc |
||